| 000 | 00679nam a22002057a 4500 | ||
|---|---|---|---|
| 999 |
_c15656 _d15656 |
||
| 003 | AR-CdUCM | ||
| 008 | 190429b ||||| |||| 00| 0 spa d | ||
| 040 |
_aMUNICIPALIDAD PROVINCIAL DEL CUSCO _cBIBLIOTECA MUNICIPAL DEL CUSCO |
||
| 082 |
_a985.01 / _bK26 /1961 |
||
| 100 |
_aKauffmann Doig, Federico _96213 |
||
| 245 | _aLa vision general sobre el antiguo Perú / | ||
| 260 |
_aLima : _bTipografía Peruana, _c1961. |
||
| 300 |
_a40 paginas ; _c17 cm. |
||
| 505 | _aContenido : Historia del Perú antiguo. | ||
| 650 |
_aPerú antiguo _918455 |
||
| 650 |
_aBases teóricas _91546 |
||
| 650 |
_aHistoria pre incaica _934796 |
||
| 942 |
_2ddc _cLIBROS |
||
| 945 |
_awnts _d2019-04-29 |
||